000 00836nam a22001817a 4500
999 _c59151
_d59151
003 Ge_BSU
005 20221201102900.0
008 221201s1982ge xxu||||| |||| 00| 0 geo d
041 _ageo
080 _a616.12 ჩ-15
100 _aჩაზოვი, ე., ავტ.
_916259
245 _aნარკვევები გადაუდებელი კარდიოლოგიის შესახებ /
_c ე. ჩაზოვი, [თარგმნა თ. აბრამიძემ]
264 _aთბილისი :
_bსაბჭ. საქართველო,
_c1982.
300 _a195გვ. :
_bილ. ;
_c21სმ.
653 _aგადაუდებელი კარდიოლოგია.
700 _aაბრამიძე, თ.
_eმთარგმნელი
_916260
942 _2udc
_cBK